000 00424nam a2200157 a 4500
005 20140412111223.0
008 091205s19uu xx 00 eng d
020 _a978-1-7415-7929-1
050 _aM 423.1
_bOl3 2006
100 _aOliver, Archie
245 _aFirst Picture Dictionary /
_cArchie Oliver.
260 _aChina :
_bHinkler books,
_c2006.
300 _a96p.
650 _aPicture dictionaries
999 _c101976
_d101976